| 000 | 00746nam a2200241 u 4500 | ||
|---|---|---|---|
| 005 | 20220903184834.0 | ||
| 008 | 130808s2011 ag r 000 0 spa d | ||
| 020 | _a9789781306350 | ||
| 035 | _aUPN01000192067 | ||
| 049 | _aCG | ||
| 050 | 4 |
_aPQ8519 Q5 _bA4.5 |
|
| 100 | 1 |
_aQuiroga, Horacio, _d1878-1937 _929892 |
|
| 245 | 1 | 3 |
_aEl almohadón de plumas ; La insolación / _cHoracio Quiroga ; il. Christian G. Angriman. |
| 260 |
_aBuenos Aires : _bAndrés Bello, _c2011. |
||
| 300 |
_a[74] p. : _bprincipalmente il. |
||
| 440 | 0 | _aNovela gráfica | |
| 650 | 0 |
_aNovela uruguaya _95074 |
|
| 650 | 7 |
_aLiteratura uruguaya _2 _95065 |
|
| 700 | 1 |
_aAngriman, Christian G., _eil. |
|
| 740 | 3 | _aLa insolación | |
| 905 | _aLibro | ||
| 999 |
_c164170 _d164170 |
||